000 00396nam a2200169Ia 4500
008 230524s9999 xx 000 0 und d
020 _a812591658X
082 _a658.45
_bPAN
100 _aI M.Pandey
245 0 _aFinancial Management
250 _a8TH
260 _aNEW DELHI
_bVikash
_c1999
300 _aXXIV;1226
500 _aQuantity Number: 55
650 _aManagement
942 _cBK
999 _c12793
_d12793